Representation theory and automorphic forms : (Record no. 29843)
[ view plain ]
| 000 -LEADER | |
|---|---|
| fixed length control field | 00852 a2200205 4500 |
| 020 ## - INTERNATIONAL STANDARD BOOK NUMBER | |
| International Standard Book Number | 0821806092 |
| 020 ## - INTERNATIONAL STANDARD BOOK NUMBER | |
| International Standard Book Number | 9780821806098 |
| 082 ## - DEWEY DECIMAL CLASSIFICATION NUMBER | |
| Classification number | 515.7223 |
| 090 ## - LOCALLY ASSIGNED LC-TYPE CALL NUMBER (OCLC); LOCAL CALL NUMBER (RLIN) | |
| -- | 1230 |
| -- | 1230 |
| 100 ## - MAIN ENTRY--PERSONAL NAME | |
| Personal name | Bailey, T. N. |
| 245 10 - TITLE STATEMENT | |
| Title | Representation theory and automorphic forms : |
| Remainder of title | instructional conference, international centre for mathematical sciences, march 1996, edinburgh, scotland / |
| Statement of responsibility, etc. | T. N. Bailey, Anthony W. Knapp. |
| 260 ## - PUBLICATION, DISTRIBUTION, ETC. | |
| Place of publication, distribution, etc. | [S.l.] : |
| Name of publisher, distributor, etc. | Amer Mathematical Society, |
| Date of publication, distribution, etc. | 1997. |
| 300 ## - PHYSICAL DESCRIPTION | |
| Extent | 479 p. ; |
| Dimensions | 28 cm. |
| 490 1# - SERIES STATEMENT | |
| Series statement | Proceedings of symposia in pure mathematics. |
| 700 1# - ADDED ENTRY--PERSONAL NAME | |
| Personal name | Bailey, T. N. |
| 700 1# - ADDED ENTRY--PERSONAL NAME | |
| Personal name | Knapp, Anthony W. |
| 830 #0 - SERIES ADDED ENTRY--UNIFORM TITLE | |
| Uniform title | Proceedings of symposia in pure mathematics. |
| 942 ## - ADDED ENTRY ELEMENTS (KOHA) | |
| Institution code [OBSOLETE] | SNS |
| Koha item type | Book |
| Call number prefix | 515.7223 BAI |
| Withdrawn status | Lost status | Damaged status | Not for loan | Permanent Location | Current Location | Date acquired | Total Checkouts | Full call number | Barcode | Date last seen | Price effective from | Koha item type |
|---|---|---|---|---|---|---|---|---|---|---|---|---|
| School of Natural Sciences (SNS) | School of Natural Sciences (SNS) | 05/26/2016 | 515.7223 BAI | SNS0001297 | 05/26/2016 | 05/26/2016 | Book |
